000 00660nam a2200205 i 4500
001 124613
003 ES-MaACL
007 t|
008 070410s1935 sp ||||1| spa d
100 1 _aLargiadér, Anton.
_970248
245 1 0 _aHistoria de Suiza /
_cAnton Largiadér ; traducción del alemán por Manuel Almarcha.
260 _aBarcelona :
_bLabor,
_c[1935]
300 _a219 p., XVI p. de lám y 2 mapas en col. :
_bil. ;
_c17 cm.
490 1 _aColección Labor ;
_v348
651 4 _aSuiza-
_xHistoria.
_99418
700 1 _aAlmarcha, Manuel.
_920096
830 0 0 _aColección Labor
_v348
_9184254
852 _aES-MaACL
_jE-2830
999 _c124613
_d124613